[Event "Montreal Pere Noel"]
[Site "Montreal"]
[Date "2011.12.30"]
[Round "5"]
[White "Auger, Bertrand"]
[Black "Pregent, Daniel"]
[Result "1/2-1/2"]
[WhiteElo "1941"]
[BlackElo "1830"]
[PlyCount "53"]
[EventDate "2011.12.26"]
[EventType "swiss"]
[EventRounds "5"]
[EventCountry "CAN"]
[SourceTitle "EXT 2022"]
[Source "ChessBase"]
[SourceDate "2021.10.06"]
[SourceVersion "1"]
[SourceVersionDate "2021.10.06"]
[SourceQuality "1"]

1. Nf3 Nf6 2. g3 e6 3. c4 b6 4. Bg2 Bb7 5. 0-0 c5 6. Nc3 a6 7. b3 Be7 8. Bb2 d6 9. d4 cxd4 10. Qxd4 Nc6 11. Qd2 Qc7 12. Rac1 Ne5 13. Nxe5 dxe5 14. e4 Rd8 15. Qe2 0-0 16. Rfd1 Bc5 17. Na4 Nd7 18. Rd2 Nb8 19. Rcd1 Nc6 20. Nxc5 bxc5 21. Qe3 Rxd2 22. Rxd2 Nd4 23. f4 f6 24. fxe5 fxe5 25. Rf2 a5 26. Rxf8+ Kxf8 27. Qf2+ 1/2-1/2

[Event "Montreal Pere Noel"]
[Site "Montreal"]
[Date "2011.12.29"]
[Round "4"]
[White "Pregent, Daniel"]
[Black "Robichaud, Louis"]
[Result "1-0"]
[WhiteElo "1830"]
[BlackElo "2098"]
[PlyCount "31"]
[EventDate "2011.12.26"]
[EventType "swiss"]
[EventRounds "5"]
[EventCountry "CAN"]
[SourceTitle "EXT 2022"]
[Source "ChessBase"]
[SourceDate "2021.10.06"]
[SourceVersion "1"]
[SourceVersionDate "2021.10.06"]
[SourceQuality "1"]

1. d4 Nf6 2. Nf3 g6 3. c4 Bg7 4. Nc3 0-0 5. e4 d6 6. h3 c5 7. d5 e6 8. Bd3 exd5 9. cxd5 b5 10. Nxb5 Nxe4 11. Bxe4 Re8 12. Ng5 Bf5 13. 0-0 Bxe4 14. Re1 Bxd5 15. Rxe8+ Qxe8 16. Nc7 1-0

[Event "Montreal Pere Noel"]
[Site "Montreal"]
[Date "2011.12.26"]
[Round "1"]
[White "Zhu, Hong Rui"]
[Black "Pregent, Daniel"]
[Result "1-0"]
[WhiteElo "2114"]
[BlackElo "1830"]
[PlyCount "87"]
[EventDate "2011.12.26"]
[EventType "swiss"]
[EventRounds "5"]
[EventCountry "CAN"]
[SourceTitle "EXT 2022"]
[Source "ChessBase"]
[SourceDate "2021.10.06"]
[SourceVersion "1"]
[SourceVersionDate "2021.10.06"]
[SourceQuality "1"]

1. e4 c5 2. Nf3 d6 3. c3 a6 4. d4 Nd7 5. Bd3 Ngf6 6. 0-0 e5 7. Re1 Be7 8. Nbd2 0-0 9. Nf1 b5 10. Ng3 b4 11. Bd2 Qc7 12. Rc1 Qb6 13. Be3 cxd4 14. cxd4 Ng4 15. Nf5 Bd8 16. dxe5 Nxe3 17. Nxe3 dxe5 18. Nc4 Qf6 19. Bf1 Be7 20. Qd5 Rb8 21. Ncxe5 Nb6 22. Qd4 Rd8 23. Qe3 Bb7 24. b3 a5 25. Bb5 Ba8 26. Bc6 Bd6 27. Bxa8 Bxe5 28. Nxe5 Qxe5 29. Bc6 Nc8 30. Rc5 Qb2 31. Rxa5 Rd2 32. Rd5 Rxd5 33. Bxd5 Qxa2 34. Qf4 Qa7 35. Bxf7+ Kh8 36. e5 Ne7 37. Bc4 Ng6 38. Qd2 Rf8 39. e6 Qc5 40. Qe3 Qe7 41. g3 Rf6 42. Ra1 Rf8 43. Ra7 Qd6 44. e7 1-0

[Event "Montreal op U2000"]
[Site "Montreal"]
[Date "2011.09.10"]
[Round "3"]
[White "Pregent, Daniel"]
[Black "Girard, Sylvain"]
[Result "1-0"]
[WhiteElo "1809"]
[BlackElo "1605"]
[PlyCount "86"]
[EventDate "2011.09.09"]
[EventType "swiss"]
[EventRounds "5"]
[EventCountry "CAN"]
[SourceTitle "EXT 2022"]
[Source "ChessBase"]
[SourceDate "2021.10.06"]
[SourceVersion "1"]
[SourceVersionDate "2021.10.06"]
[SourceQuality "1"]

1. d4 Nf6 2. Nf3 c5 3. d5 e6 4. c4 exd5 5. cxd5 d6 6. Nc3 g6 7. h3 Bg7 8. e4 0-0 9. Bd3 b6 10. 0-0 Ba6 11. Re1 Nfd7 12. a4 Bxd3 13. Qxd3 a6 14. Bf4 Ne5 15. Nxe5 dxe5 16. Be3 Qd6 17. Qd2 Ra7 18. a5 f5 19. axb6 Qxb6 20. Na4 Qd8 21. Bxc5 Raf7 22. Bxf8 Qxf8 23. Nc3 Qd6 24. Ra5 Rb7 25. Ra4 Rb6 26. Rc4 Kf7 27. Na4 Rb5 28. Rec1 Rb7 29. Nc5 Re7 30. Qa5 Bh6 31. Ra1 Ra7 32. Ne6 Rd7 33. Rc7 fxe4 34. Rxd7+ Nxd7 35. Rd1 Nb8 36. Qc7+ Qxc7 37. Nxc7 Ke7 38. Ra1 Kd6 39. Nxa6 Nxa6 40. Rxa6+ Kxd5 41. Ra7 Bc1 42. Rxh7 g5 43. Rb7 Kc5 1-0

[Event "Montreal Mercredi 02"]
[Site "Montreal"]
[Date "2011.03.16"]
[Round "4"]
[White "Pregent, Daniel"]
[Black "Gauthier, Luc"]
[Result "1/2-1/2"]
[WhiteElo "1840"]
[BlackElo "1738"]
[PlyCount "111"]
[EventDate "2011.02.23"]
[EventType "tourn"]
[EventRounds "5"]
[EventCountry "CAN"]
[SourceTitle "EXT 2013"]
[Source "ChessBase"]
[SourceDate "2012.11.22"]
[SourceVersion "1"]
[SourceVersionDate "2012.11.22"]
[SourceQuality "1"]

1. d4 d5 2. c4 e5 3. dxe5 d4 4. Nf3 Nc6 5. g3 Nge7 6. Bg2 Ng6 7. 0-0 Ngxe5 8. Nbd2 Nxf3+ 9. Nxf3 Be7 10. a3 0-0 11. b4 Bf6 12. Bb2 d3 13. Bxf6 Qxf6 14. Qxd3 Bf5 15. e4 Rad8 16. Qe3 Bg4 17. e5 Qf5 18. Nh4 Qxe5 19. Qxe5 Nxe5 20. Bxb7 g5 21. Ng2 Nf3+ 22. Kh1 Nd2 23. Rfe1 Nxc4 24. Rac1 Be6 25. Ba6 Nxa3 26. Rc3 Rd2 27. Rxa3 Rxf2 28. Kg1 Rb2 29. Rc3 c6 30. Ne3 Rxb4 31. Rxc6 Rfb8 32. Rc7 Rb1 33. Kf2 Rxe1 34. Kxe1 Rb1+ 35. Kd2 Rb2+ 36. Nc2 Bf5 37. Bd3 Bxd3 38. Kxd3 h5 39. Rxa7 Kg7 40. Rc7 Kg6 41. Ne3 Rxh2 42. Nc4 Rh3 43. Ke4 f5+ 44. Kf3 h4 45. Rc6+ Kg7 46. Ne3 Rxg3+ 47. Kf2 Kf7 48. Nxf5 Rb3 49. Ne3 Rb2+ 50. Kf3 Rb3 51. Ke4 Rb4+ 52. Kf5 Rb5+ 53. Kg4 Re5 54. Nf5 Re6 55. Rxe6 Kxe6 56. Nxh4 1/2-1/2

[Event "Montreal Mercredi 01"]
[Site "Montreal"]
[Date "2011.02.02"]
[Round "4"]
[White "Brassard, Sylvain"]
[Black "Pregent, Daniel"]
[Result "0-1"]
[WhiteElo "1798"]
[BlackElo "1795"]
[PlyCount "96"]
[EventDate "2011.01.12"]
[EventType "tourn"]
[EventRounds "5"]
[EventCountry "CAN"]
[SourceTitle "EXT 2013"]
[Source "ChessBase"]
[SourceDate "2012.11.22"]
[SourceVersion "1"]
[SourceVersionDate "2012.11.22"]
[SourceQuality "1"]

1. d4 Nf6 2. Bg5 Ne4 3. Bf4 e6 4. Nd2 d5 5. Nxe4 dxe4 6. f3 c5 7. e3 Nc6 8. c3 Qd5 9. fxe4 Qxe4 10. Qd3 Qg6 11. Qxg6 hxg6 12. Nf3 f6 13. Bd3 g5 14. Bg3 Rh6 15. 0-0-0 Bd7 16. Nd2 0-0-0 17. Ne4 cxd4 18. exd4 Be8 19. Bc4 Bf7 20. Rhf1 Bg8 21. Rfe1 Na5 22. Bd3 Bh7 23. b4 Nc6 24. Bc4 Bg8 25. Nc5 Bxc5 26. bxc5 f5 27. Bd6 Re8 28. Bb5 Kd7 29. c4 a6 30. Ba4 b5 31. cxb5 axb5 32. Bxb5 Rc8 33. d5 exd5 34. Re7+ Kd8 35. Rxg7 Bh7 36. Ba6 Ra8 37. Bb7 Ra7 38. Bc7+ Ke8 39. Bxc6+ Rxc6 40. Re1+ Kf8 41. Ree7 Rxc5+ 42. Kb2 Rb7+ 43. Ka3 Bg6 44. Rxg6 Rc3+ 45. Ka4 Kxe7 46. Be5 Rc4+ 47. Ka3 Rb1 48. Rxg5 Rc8 0-1

[Event "Montreal Mercredi 01"]
[Site "Montreal"]
[Date "2011.01.26"]
[Round "3"]
[White "Pregent, Daniel"]
[Black "Nardone, Raul"]
[Result "1-0"]
[WhiteElo "1795"]
[BlackElo "1803"]
[PlyCount "83"]
[EventDate "2011.01.12"]
[EventType "tourn"]
[EventRounds "5"]
[EventCountry "CAN"]
[SourceTitle "EXT 2013"]
[Source "ChessBase"]
[SourceDate "2012.11.22"]
[SourceVersion "1"]
[SourceVersionDate "2012.11.22"]
[SourceQuality "1"]

1. d4 f5 2. c4 e6 3. Nc3 d5 4. cxd5 exd5 5. Nf3 Nf6 6. Bf4 c6 7. e3 Be7 8. Bd3 0-0 9. 0-0 Ne4 10. Rc1 Nd7 11. Qb3 Ndf6 12. Rc2 Kh8 13. Ne5 Nh5 14. Be2 Nxf4 15. exf4 Qe8 16. Rfc1 Bh4 17. Nd1 Be7 18. Qh3 Nf6 19. Rc3 Ng4 20. Nf3 Rf6 21. Ne3 Rh6 22. Qg3 Rg6 23. Nxg4 Rxg4 24. Qh3 Rxf4 25. Ne5 Rh4 26. Qd3 Bf6 27. g3 Rh6 28. f4 g5 29. Qd2 g4 30. b4 Bxe5 31. fxe5 Rg6 32. Bd3 h5 33. Rf1 Qf8 34. Qf4 Qxb4 35. Rb3 Qf8 36. Bxf5 Bxf5 37. Rxb7 Qh6 38. Qxh6+ Rxh6 39. Rxf5 a5 40. a4 Rc8 41. Kf2 c5 42. dxc5 1-0

[Event "Montreal Mercredi 11"]
[Site "Montreal"]
[Date "2010.12.01"]
[Round "3"]
[White "Pregent, Daniel"]
[Black "Nardone, Raul"]
[Result "1-0"]
[WhiteElo "1757"]
[BlackElo "1828"]
[PlyCount "57"]
[EventDate "2010.11.17"]
[EventType "swiss"]
[EventRounds "5"]
[EventCountry "CAN"]
[SourceTitle "EXT 2013"]
[Source "ChessBase"]
[SourceDate "2012.11.22"]
[SourceVersion "1"]
[SourceVersionDate "2012.11.22"]
[SourceQuality "1"]

1. d4 Nf6 2. Nf3 g6 3. c4 d6 4. Nc3 Bg7 5. h3 0-0 6. e4 e5 7. d5 a5 8. Bg5 Na6 9. Be2 Nc5 10. Nd2 c6 11. Nb3 Qb6 12. Nxc5 Qxc5 13. Be3 Qb4 14. Qd2 c5 15. g4 Bd7 16. g5 Nh5 17. Bxh5 gxh5 18. Qe2 f5 19. gxf6 Rxf6 20. 0-0-0 Raf8 21. a3 Qb3 22. Rdg1 Kh8 23. Qxh5 Be8 24. Qh4 Rf3 25. Rg2 Qxc4 26. Rhg1 R3f7 27. Bh6 Bxh6+ 28. Qxh6 b5 29. Rg7 1-0

[Event "Montreal Mercredi 11"]
[Site "Montreal"]
[Date "2010.11.30"]
[Round "5"]
[White "Pregent, Daniel"]
[Black "Baran, Marius"]
[Result "1-0"]
[WhiteElo "1757"]
[BlackElo "1662"]
[PlyCount "77"]
[EventDate "2010.11.17"]
[EventType "swiss"]
[EventRounds "5"]
[EventCountry "CAN"]
[SourceTitle "EXT 2013"]
[Source "ChessBase"]
[SourceDate "2012.11.22"]
[SourceVersion "1"]
[SourceVersionDate "2012.11.22"]
[SourceQuality "1"]

1. d4 d5 2. c4 c6 3. Nf3 g6 4. e3 Bg7 5. Nc3 Nf6 6. Bd3 0-0 7. 0-0 Nbd7 8. b3 Re8 9. Bb2 dxc4 10. bxc4 e5 11. Qc2 exd4 12. exd4 Nb6 13. Rfe1 Be6 14. Ne4 Nxe4 15. Rxe4 Qc7 16. Rae1 Bd7 17. Ne5 Bf5 18. R4e2 Bxd3 19. Qxd3 Re6 20. f4 f6 21. d5 cxd5 22. cxd5 Rd6 23. Rc1 Qd8 24. Ng4 Rc8 25. Rce1 Nxd5 26. Rd2 Rcc6 27. Rde2 Nc7 28. Qb3+ Kh8 29. Re7 Qg8 30. Qxb7 Re6 31. R1xe6 Rxe6 32. Qxc7 Rxe7 33. Qxe7 Qb8 34. Qe2 h5 35. Nxf6 Qb6+ 36. Kf1 Bxf6 37. Qe8+ Kg7 38. Qe7+ Kg8 39. Qxf6 1-0

[Event "Montreal Mercredi 10"]
[Site "Montreal"]
[Date "2010.11.03"]
[Round "5"]
[White "Dardoura, Khaled"]
[Black "Pregent, Daniel"]
[Result "0-1"]
[WhiteElo "1557"]
[BlackElo "1761"]
[PlyCount "54"]
[EventDate "2010.10.06"]
[EventType "tourn"]
[EventRounds "5"]
[EventCountry "CAN"]
[SourceTitle "EXT 2013"]
[Source "ChessBase"]
[SourceDate "2012.11.22"]
[SourceVersion "1"]
[SourceVersionDate "2012.11.22"]
[SourceQuality "1"]

1. d4 Nf6 2. c4 e6 3. Nc3 Bb4 4. Nf3 b6 5. e3 Bb7 6. Bd3 0-0 7. 0-0 c5 8. a3 Bxc3 9. bxc3 d6 10. Re1 Nc6 11. e4 e5 12. d5 Na5 13. Nd2 Ba6 14. Re3 Qd7 15. a4 Rae8 16. Rg3 Bc8 17. Nf1 Nxe4 18. Bxe4 f5 19. Bh6 Rf7 20. Bxf5 Qxf5 21. Rf3 Qg6 22. Rxf7 Qxf7 23. Be3 Rf8 24. Nd2 Qg6 25. Kf1 Bf5 26. Nf3 Nxc4 27. Qe1 Bd3+ 0-1

[Event "Montreal Saturday op 02"]
[Site "Montreal"]
[Date "2010.02.24"]
[Round "2"]
[White "Gagnon, Serge"]
[Black "Pregent, Daniel"]
[Result "1-0"]
[WhiteElo "1967"]
[BlackElo "1848"]
[PlyCount "109"]
[EventDate "2010.02.17"]
[EventType "tourn"]
[EventRounds "5"]
[EventCountry "CAN"]
[SourceTitle "EXT 2011"]
[Source "ChessBase"]
[SourceDate "2010.11.26"]
[SourceVersion "1"]
[SourceVersionDate "2010.11.26"]
[SourceQuality "1"]

1. d4 Nf6 2. c4 e6 3. Nc3 Bb4 4. Qc2 0-0 5. a3 Bxc3+ 6. Qxc3 b6 7. Nf3 Bb7 8. g3 c5 9. dxc5 Ne4 10. Qc2 Nxc5 11. Bg2 Be4 12. Qc3 d5 13. 0-0 a5 14. Be3 Nbd7 15. b4 Na4 16. Qb3 axb4 17. axb4 dxc4 18. Qxc4 Bd5 19. Qc2 b5 20. Ng5 g6 21. Bxd5 exd5 22. Qd3 Ne5 23. Qxb5 Nc3 24. Qb6 Nxe2+ 25. Kg2 d4 26. Qxd8 Rfxd8 27. Rxa8 Rxa8 28. Re1 d3 29. Nf3 f6 30. Nxe5 fxe5 31. Rd1 e4 32. f3 Nc3 33. Rd2 Nd5 34. Bc5 e3 35. Rxd3 Ra2+ 36. Kf1 Ra1+ 37. Ke2 Ra2+ 38. Ke1 Nxb4 39. Bxb4 Rxh2 40. Rxe3 Kf7 41. Re2 Rh5 42. Kf2 Rb5 43. Bc3 h5 44. Re5 Rb3 45. Rc5 Rb6 46. Ke3 Re6+ 47. Kf4 Ra6 48. Rc7+ Ke6 49. Kg5 Kd5 50. Rd7+ Kc4 51. Be5 Re6 52. f4 Kc5 53. Rd6 Rxd6 54. Bxd6+ Kxd6 55. Kxg6 1-0

[Event "Montreal Transcontinental 2-B"]
[Site "Montreal"]
[Date "2010.02.05"]
[Round "1"]
[White "Pregent, Daniel"]
[Black "Dardoura, Khaled"]
[Result "1-0"]
[WhiteElo "1790"]
[BlackElo "1496"]
[PlyCount "97"]
[EventDate "2010.02.05"]
[EventType "tourn"]
[EventRounds "5"]
[EventCountry "CAN"]
[SourceTitle "EXT 2013"]
[Source "ChessBase"]
[SourceDate "2012.11.22"]
[SourceVersion "1"]
[SourceVersionDate "2012.11.22"]
[SourceQuality "1"]

1. d4 d5 2. c4 e6 3. Nf3 c5 4. cxd5 exd5 5. e3 Nf6 6. Bd3 Nc6 7. 0-0 Nb4 8. Bb5+ Bd7 9. Bxd7+ Qxd7 10. Nc3 Nc6 11. Re1 Be7 12. Ne5 Qd8 13. Qa4 Qb6 14. e4 Rd8 15. exd5 Nxd5 16. Nxd5 Rxd5 17. Qc4 Qb4 18. Qxb4 Nxb4 19. Re2 Rxd4 20. Be3 Re4 21. a3 Nd5 22. Nd3 b6 23. Rae1 0-0 24. f3 Rxe3 25. Rxe3 Nxe3 26. Rxe3 Bf6 27. Re2 Rd8 28. Kf2 Kf8 29. Ne1 Rd1 30. Rc2 Rd5 31. g3 Ke7 32. f4 Kd7 33. Nf3 a5 34. Ke3 g6 35. g4 h6 36. a4 Bd4+ 37. Ke4 Rd6 38. f5 Bf6 39. b3 Ke7 40. Rd2 Rc6 41. Kd5 Rd6+ 42. Kc4 Rxd2 43. Nxd2 Kd7 44. Kb5 Bc3 45. Nc4 Kc7 46. Nxb6 Be1 47. Nc4 gxf5 48. gxf5 Bb4 49. Ne5 1-0

[Event "Montreal Mercredi 04"]
[Site "Montreal"]
[Date "2009.04.15"]
[Round "3"]
[White "Forget, Luc"]
[Black "Pregent, Daniel"]
[Result "0-1"]
[WhiteElo "2083"]
[BlackElo "1821"]
[PlyCount "86"]
[EventDate "2009.04.01"]
[EventType "tourn"]
[EventRounds "5"]
[EventCountry "CAN"]
[SourceTitle "EXT 2011"]
[Source "ChessBase"]
[SourceDate "2010.11.26"]
[SourceVersion "1"]
[SourceVersionDate "2010.11.26"]
[SourceQuality "1"]

1. d4 Nf6 2. c4 e6 3. Nf3 b6 4. g3 Bb7 5. Bg2 c5 6. d5 exd5 7. Nh4 g6 8. Nc3 Bg7 9. cxd5 d6 10. 0-0 0-0 11. e4 a6 12. a4 Nbd7 13. h3 Nh5 14. Kh2 Bxc3 15. bxc3 b5 16. Rb1 Nb6 17. axb5 axb5 18. Nf5 Ba6 19. Re1 Nc4 20. Ne3 Ne5 21. f4 Nd7 22. Nf5 Nb6 23. Bf3 Na4 24. Bxh5 Nxc3 25. Bb2 b4 26. Bxc3 bxc3 27. Qc2 Qf6 28. Nh6+ Kg7 29. Ng4 Qd4 30. Ne3 Bd3 31. Qc1 Ra2+ 32. Kg1 Bxb1 33. Qxb1 Rb2 34. Qd1 Rd2 35. Qf3 c2 36. Bg4 Rb8 37. f5 Rb1 38. Kf1 Rxe1+ 39. Kxe1 c1Q+ 40. Nd1 Qg1+ 41. Qf1 Rxd1+ 42. Bxd1 Qxd1+ 43. Kxd1 Qxf1+ 0-1

[Event "Montreal Mercredi 10"]
[Site "Montreal"]
[Date "2008.10.22"]
[Round "3"]
[White "Baran, Marius"]
[Black "Pregent, Daniel"]
[Result "0-1"]
[WhiteElo "1695"]
[BlackElo "1737"]
[PlyCount "62"]
[EventDate "2008.10.08"]
[EventType "tourn"]
[EventRounds "5"]
[EventCountry "CAN"]
[SourceTitle "EXT 2011"]
[Source "ChessBase"]
[SourceDate "2010.11.26"]
[SourceVersion "1"]
[SourceVersionDate "2010.11.26"]
[SourceQuality "1"]

1. d4 Nf6 2. c4 e6 3. Nf3 b6 4. g3 Bb7 5. Bg2 Be7 6. 0-0 0-0 7. Nc3 d5 8. cxd5 exd5 9. Qc2 Nbd7 10. b3 Re8 11. Bb2 Nf8 12. Rfd1 Ba6 13. Rac1 Bb4 14. e3 Rc8 15. a3 Bd6 16. b4 c6 17. Nd2 Ne6 18. Qb3 Bb7 19. a4 Qe7 20. Na2 Ng5 21. b5 Qe6 22. Nf3 Nh3+ 23. Kf1 Ne4 24. Nb4 Nhxf2 25. bxc6 Bxb4 26. Qxb4 Ba6+ 27. Kg1 Nxd1 28. Rxd1 Rxc6 29. Ne5 Rc2 30. Bf1 Bxf1 31. Rxf1 Qh3 0-1